000 00475nam a2200169Ia 4500
999 _c27846
_d27846
003 OSt
005 20201124094302.0
008 190216s9999||||xx |||||||||||||| ||und||
040 _coclc
082 _a894.8123
_bRAI/S
100 _aRai, Prathibha
_96868
245 0 _aSilapadhmam /
_cPrathibha Rai
260 _bCurrent Books,
_c1996.
_aThrissur:
300 _a265p
650 _aMalayalam Novel
942 _cBK
_2ddc
_h894.8123
_iRAI/S
_k894.8123
_mRAI/S